Kanthapura ( a critical study) (Record no. 8831)

MARC details
000 -LEADER
fixed length control field 00596cam a2200229ua 4500
008 - FIXED-LENGTH DATA ELEMENTS--GENERAL INFORMATION
fixed length control field 161019n ii |||gr||||Z||||||eng
020 ## - INTERNATIONAL STANDARD BOOK NUMBER
International Standard Book Number 9788179773345
040 ## - CATALOGING SOURCE
Transcribing agency MAIN
041 ## - LANGUAGE CODE
-- eng
082 ## - DEWEY DECIMAL CLASSIFICATION NUMBER
Classification number 823.954
100 ## - MAIN ENTRY--PERSONAL NAME
Personal name Rao, Raja,
Relator term
245 ## - TITLE STATEMENT
Title Kanthapura ( a critical study)
Statement of responsibility, etc. By Raja Rao & ed. by Som Deva
250 ## - EDITION STATEMENT
Edition statement 2nd ed.
260 ## - PUBLICATION, DISTRIBUTION, ETC.
Place of publication, distribution, etc. Bareilly:
Name of publisher, distributor, etc. Prakash book depot,
Date of publication, distribution, etc. 2015.
300 ## - PHYSICAL DESCRIPTION
Extent 180p.
700 ## - ADDED ENTRY--PERSONAL NAME
Personal name Deva, Som,
Relator term
700 ## - ADDED ENTRY--PERSONAL NAME
Personal name Bhatt, P.N.,
Relator term
942 ## - ADDED ENTRY ELEMENTS (KOHA)
Koha item type Books
653 ## - INDEX TERM--UNCONTROLLED
Uncontrolled term English fiction
653 ## - INDEX TERM--UNCONTROLLED
Uncontrolled term Indian novel in English
Holdings
Withdrawn status Lost status Damaged status Not for loan Home library Current library Shelving location Date acquired Total Checkouts Full call number Barcode Date last seen Copy number Price effective from Koha item type
        Central Library, Naharkatiya College Central Library, Naharkatiya College General Stacks 19/09/2020   823.954Indian novel in English | DEV 23326 19/09/2020 1 19/09/2020 Books
        Central Library, Naharkatiya College Central Library, Naharkatiya College General Stacks 19/09/2020   823.954Indian novel in English | DEV 23327 19/09/2020 2 19/09/2020 Books

Naharkatiya College © 2020. All rights reserved.

Powered By